[Event "Wch U12 Girls rapid"]
[Site "Batumi"]
[Date "2023.06.08"]
[Round "11"]
[White "Khikmatkhonova, Mokhinur"]
[Black "Gulishyan, Eseniya"]
[Result "0-1"]
[WhiteElo "1254"]
[BlackElo "1269"]
[PlyCount "75"]
[EventDate "2023.06.06"]
[EventType "swiss (rapid)"]
[EventRounds "11"]
[EventCountry "GEO"]
[SourceTitle "EXT 2024"]
[Source "ChessBase"]
[SourceDate "2023.10.10"]
[SourceVersion "1"]
[SourceVersionDate "2023.10.10"]
[SourceQuality "1"]
[WhiteTeam "Uzbekistan"]
[BlackTeam "FIDE"]
[WhiteTeamCountry "UZB"]

1. d4 f5 2. Nc3 Nf6 3. Nf3 e6 4. Bg5 d5 5. e3 c6 6. Bd3 Bd6 7. 0-0 Nbd7 8. Re1 0-0 9. Qe2 Qe8 10. a3 a5 11. Rab1 Ne4 12. Bxe4 fxe4 13. Nd2 Qg6 14. Bh4 Qh6 15. Bg3 e5 16. Nf1 Rf6 17. b4 Rg6 18. b5 Qg5 19. f3 exf3 20. Qxf3 e4 21. Qf2 Bxa3 22. Bf4 Qh5 23. Ng3 Qh4 24. Rf1 Nf6 25. Be5 Be6 26. Bxf6 Rxf6 27. Qe1 Rh6 28. Rf4 Qxh2+ 29. Kf2 Bd6 30. bxc6 bxc6 31. Nce2 Bxf4 32. Nxf4 Rf8 33. Ke2 Bg4+ 34. Kd2 g5 35. Nfe2 Qxg2 36. Kc3 Bxe2 37. Nxe2 Rh2 38. Ng1 0-1

[Event "EU-ch U10 Girls 30th"]
[Site "Antalya"]
[Date "2022.11.12"]
[Round "7"]
[White "Gulishyan, Eseniya"]
[Black "Oksanen, Maria"]
[Result "0-1"]
[WhiteElo "1258"]
[BlackElo "1411"]
[PlyCount "96"]
[EventDate "2022.11.06"]
[EventType "swiss"]
[EventRounds "9"]
[EventCountry "TUR"]
[SourceTitle "CBM 211 Extra"]
[Source "ChessBase"]
[SourceDate "2023.01.31"]
[SourceVersion "1"]
[SourceVersionDate "2023.01.31"]
[SourceQuality "1"]

1. f4 d5 2. Nf3 c5 3. e3 Bg4 4. d4 Nc6 5. c3 f6 6. Be2 cxd4 7. exd4 Qd6 8. 0-0 0-0-0 9. b4 e5 10. b5 Bxf3 11. Bxf3 Na5 12. Ba3 Qb6 13. fxe5 Bxa3 14. Nxa3 fxe5 15. Bg4+ Kb8 16. Kh1 exd4 17. cxd4 Nf6 18. Bh3 Nc4 19. Rf3 g5 20. Nxc4 dxc4 21. Qf1 Rd6 22. Re1 Rhd8 23. Be6 Rxe6 24. Rxe6 Qxe6 25. Rxf6 Qd5 26. h3 Qxd4 27. Rf8 c3 28. Rxd8+ Qxd8 29. Qe2 Ka8 30. a4 Qc8 31. Qc2 h5 32. a5 g4 33. hxg4 hxg4 34. Kg1 g3 35. b6 Qc5+ 36. Kh1 Qh5+ 37. Kg1 Qh2+ 38. Kf1 Qh1+ 39. Ke2 Qxg2+ 40. Kd3 Qxc2+ 41. Kxc2 g2 42. a6 g1Q 43. axb7+ Kxb7 44. bxa7 Kxa7 45. Kb3 Qd4 46. Ka2 c2 47. Kb3 c1Q 48. Ka2 Qcb2# 0-1

[Event "EU-ch U10 Girls 30th"]
[Site "Antalya"]
[Date "2022.11.08"]
[Round "3"]
[White "Lampou, Marianta"]
[Black "Gulishyan, Eseniya"]
[Result "1-0"]
[WhiteElo "1415"]
[BlackElo "1258"]
[PlyCount "79"]
[EventDate "2022.11.06"]
[EventType "swiss"]
[EventRounds "9"]
[EventCountry "TUR"]
[SourceTitle "CBM 211 Extra"]
[Source "ChessBase"]
[SourceDate "2023.01.31"]
[SourceVersion "1"]
[SourceVersionDate "2023.01.31"]
[SourceQuality "1"]

1. e4 d5 2. exd5 Qxd5 3. Nc3 Qd6 4. d4 c6 5. Nf3 Nf6 6. g3 Bg4 7. Bg2 Nbd7 8. 0-0 e6 9. Bf4 Qb4 10. Qd2 Be7 11. a3 Qb6 12. Rfe1 0-0 13. Ne2 a5 14. c4 Rfe8 15. Nc3 Qd8 16. d5 exd5 17. cxd5 cxd5 18. Nxd5 Nxd5 19. Qxd5 Be6 20. Qxb7 Rb8 21. Bxb8 Qxb8 22. Qxb8 Rxb8 23. Nd4 Nc5 24. Nc6 Rb7 25. b4 Nb3 26. Rab1 a4 27. Bd5 Bxd5 28. Nxe7+ Kf8 29. Nxd5 Nd2 30. Nc3 Nf3+ 31. Kg2 Nxe1+ 32. Rxe1 Rc7 33. Re3 Re7 34. Rxe7 Kxe7 35. Nxa4 Kd6 36. b5 Kc7 37. b6+ Kb7 38. Kf3 g6 39. Ke4 f5+ 40. Kd5 1-0